<?xml version="1.0" encoding="UTF-8"?>
<record
    xmlns:xsi="http://www.w3.org/2001/XMLSchema-instance"
    xsi:schemaLocation="http://www.loc.gov/MARC21/slim http://www.loc.gov/standards/marcxml/schema/MARC21slim.xsd"
    xmlns="http://www.loc.gov/MARC21/slim">

  <leader>00684nam a2200193Ia 4500</leader>
  <controlfield tag="005">20260429112322.0</controlfield>
  <controlfield tag="008">260429s9999||||xx |||||||||||||| ||und||</controlfield>
  <datafield tag="020" ind1=" " ind2=" ">
    <subfield code="a">9788178540429</subfield>
  </datafield>
  <datafield tag="041" ind1=" " ind2=" ">
    <subfield code="a">Hindi</subfield>
  </datafield>
  <datafield tag="082" ind1=" " ind2=" ">
    <subfield code="a">294.59</subfield>
    <subfield code="b">AGN</subfield>
  </datafield>
  <datafield tag="100" ind1=" " ind2=" ">
    <subfield code="a">&#x905;&#x917;&#x94D;&#x928;&#x93F;&#x939;&#x94B;&#x924;&#x94D;&#x930;&#x940;, &#x92A;&#x94D;&#x930;&#x92D;&#x941;&#x926;&#x92F;&#x93E;&#x932;&#x941; </subfield>
  </datafield>
  <datafield tag="245" ind1=" " ind2="0">
    <subfield code="a">&#x905;&#x925;&#x930;&#x94D;&#x935;&#x935;&#x947;&#x926; : </subfield>
    <subfield code="b">&#x938;&#x94C;&#x902;&#x915;&#x93F;&#x92F;&#x93E; &#x938;&#x902;&#x939;&#x93F;&#x924;&#x93E; / </subfield>
    <subfield code="c">&#x92A;&#x94D;&#x930;&#x92D;&#x941;&#x926;&#x92F;&#x93E;&#x932;&#x941; &#x905;&#x917;&#x94D;&#x928;&#x93F;&#x939;&#x94B;&#x924;&#x94D;&#x930;&#x940;</subfield>
  </datafield>
  <datafield tag="250" ind1=" " ind2=" ">
    <subfield code="a">1st ed.</subfield>
  </datafield>
  <datafield tag="260" ind1=" " ind2=" ">
    <subfield code="a">&#x926;&#x93F;&#x932;&#x94D;&#x932;&#x940; : </subfield>
    <subfield code="b">&#x908;&#x938;&#x94D;&#x91F;&#x930;&#x94D;&#x928; &#x92C;&#x941;&#x915; &#x932;&#x93F;&#x902;&#x915;&#x930;,</subfield>
    <subfield code="c">2005.</subfield>
  </datafield>
  <datafield tag="300" ind1=" " ind2=" ">
    <subfield code="a">411 p.; Hb</subfield>
  </datafield>
  <datafield tag="440" ind1=" " ind2=" ">
    <subfield code="v">&#x92D;&#x93E;&#x917;-1</subfield>
  </datafield>
  <datafield tag="650" ind1=" " ind2=" ">
    <subfield code="a">Sanskrit Literature</subfield>
  </datafield>
  <datafield tag="942" ind1=" " ind2=" ">
    <subfield code="c">TB</subfield>
  </datafield>
  <datafield tag="999" ind1=" " ind2=" ">
    <subfield code="c">53473</subfield>
    <subfield code="d">53473</subfield>
  </datafield>
  <datafield tag="952" ind1=" " ind2=" ">
    <subfield code="0">0</subfield>
    <subfield code="1">0</subfield>
    <subfield code="4">0</subfield>
    <subfield code="7">0</subfield>
    <subfield code="8">NFIC</subfield>
    <subfield code="a">CUTN</subfield>
    <subfield code="b">CUTN</subfield>
    <subfield code="c">200</subfield>
    <subfield code="d">2026-04-29</subfield>
    <subfield code="e">Segment Book Distributors, New Delhi - Invoice No. 71458 on 09-02-2026</subfield>
    <subfield code="l">0</subfield>
    <subfield code="o">294.59 AGN</subfield>
    <subfield code="p">58210</subfield>
    <subfield code="r">2026-04-29 11:23:22</subfield>
    <subfield code="w">2026-04-29</subfield>
    <subfield code="y">TB</subfield>
  </datafield>
</record>
